Statistics for European Geography by Letter - O

Click here to take the quiz!

General Stats

  • This quiz has been taken 85 times
  • The average score is 9 of 20

Answer Stats

HintAnswer% Correct
Capital of NorwayOslo
97%
Turkish empire which ruled much of West Asia, North Africa, and southeast EuropeOttoman Empire
96%
Mountain that was home of the gods in Greek mythologyMount Olympus
92%
German name for AustriaÖsterreich
86%
Archipelago to the north of mainland ScotlandOrkney
73%
Term for administrative divisions in Belarus, Bulgaria, Russia, and Ukraineoblast
67%
Major city in southwest Ukraine, located on the Black SeaOdesa
61%
River that flows through Czechia, Poland, and Germany, forming part of the border between Poland and GermanyOder
52%
Strait that separates Denmark and SwedenØresund
47%
Language spoken in southern France, also known as Provençal (though this can also refer to a specific dialect of the language)Occitan
46%
Third-largest city in Czechia and the largest in the Czech Silesia regionOstrava
46%
Largest city in northern FinlandOulu
41%
City in northwest Germany that was the capital of a Grand Duchy of the same nameOldenburg
30%
Germanic kingdom which ruled over Italy in the fifth and sixth centuries, before being defeated by the Byzantine EmpireOstrogothic Kingdom
30%
Second-largest island of SwedenÖland
25%
Canton in central Switzerland considered to be one of six half-cantonsObwalden
14%
Smallest voivodeship of Poland by area and population, and its capital cityOpole
13%
River in Russia that is the largest tributary of the VolgaOka
10%
Germanic soldier and king who overthrew the last Western Roman emperorOdoacer
9%
Province in the east of the NetherlandsOverijssel
8%

Score Distribution

Percentile by Number Answered

Percent of People with Each Score

Your Score History

You have not taken this quiz